| 000 | 00554nam a2200157Ia 4500 | ||
|---|---|---|---|
| 008 | 210716s2007 xx 000 0 und d | ||
| 020 | _a1865089958 | ||
| 041 | _aeng | ||
| 082 | _a658.4012 LIMD | ||
| 100 | _aLimerick, David; Cunnungton, Bert; Crowther, Frank. | ||
| 245 |
_aManaging the new organisation: collaboration and sustainability in the post corporate world. _bCollaboration and sustainability in the post corporate world |
||
| 250 | _a2 | ||
| 260 |
_aAustralia _bAllen and Unwin _c2007 |
||
| 300 | _axiv,280 | ||
| 650 | _aStrategic Management | ||
| 999 |
_c201713 _d201713 |
||